Either or, but Which? III Quiz Stats

Quiz Updated Jan 16, 2018

Challenge
Share
Tweet
Embed
Score 0/20 Timer 04:00
1 Play Today
Question Answer Wrong Answers
a secure place for storage cache
98.2%
cash
1.7%
to go or pass beyond exceed
96.3%
accede
3.7%
sharpen hone
95.5%
home
0.9%
location site
94.5%
sight
1.8%
weighty, important momentous
94.4%
momentary
3.2%
thickly populated populous
93.9%
populace
3.4%
hallucination illusion
93%
allusion
4.8%
to come earlier than precede
92.7%
proceed
3.7%
awake or aware conscious
92.1%
conscience
4.2%
the ability to do or say things without offending or upsetting other people tact
91.7%
tack
5%
a way of getting over or through a fence stile
90.8%
style
6.3%
the dazzling flash caused by the discharge of electricity that accompanies thunder lightning
90.4%
lightening
7.2%
a sweet final course dessert
90.4%
desert
6.1%
coarse, unbleached cloth made of hemp or flax canvas
89.7%
canvass
9.1%
to draw out, evoke elicit
87.7%
illicit
10.8%
unreasonably critical hypercritical
82.5%
hypocritical
15.6%
a long strap, usually of leather, used in conjunction with a bit to control a horse rein
81.7%
reign
15.5%
greediness or ravenousness in eating voracity
79.2%
veracity
17.7%
a loud, repercussive sound, as of bells or thunder peal
78.1%
peel
19.3%
crosspiece laid across the top of the wicket stumps (cricket) bail
37.5%
bale
62%

You're not logged in!

Compare scores with friends on all Sporcle quizzes.
Sign Up with Email
OR
Log In

You Might Also Like...

Show Comments

Extras

Top Quizzes Today


Score Distribution

Your Account Isn't Verified!

In order to create a playlist on Sporcle, you need to verify the email address you used during registration. Go to your Sporcle Settings to finish the process.